LEADER 02395nam 2200577 a 450 001 9910457146803321 005 20200520144314.0 010 $a1-282-15085-5 010 $a9786612150852 010 $a1-907830-12-X 035 $a(CKB)2550000000031986 035 $a(EBL)861977 035 $a(OCoLC)666939779 035 $a(SSID)ssj0000304666 035 $a(PQKBManifestationID)12132533 035 $a(PQKBTitleCode)TC0000304666 035 $a(PQKBWorkID)10285343 035 $a(PQKB)11239932 035 $a(MiAaPQ)EBC861977 035 $a(Au-PeEL)EBL861977 035 $a(CaPaEBR)ebr10459613 035 $a(CaONFJC)MIL215085 035 $a(EXLCZ)992550000000031986 100 $a20110427h20072006 uy 0 101 0 $aeng 135 $aur|n|---||||| 181 $ctxt 182 $cc 183 $acr 200 00$aNurse-facilitated discharge from hospital$b[electronic resource] /$fedited by Liz Lees 210 $aKeswick [England] $cM&K Update$d2007, c2006 215 $a1 online resource (388 p.) 300 $aDescription based upon print version of record. 311 $a1-905539-12-6 320 $aIncludes bibliographical references and index. 327 $asection 1. Background and theory -- section 2. Clinical practice considerations -- section 3. Case studies. 330 $aExcellent resource, this book has been written for clinical practitioners and aims to provide a pragmatic insight regarding complex issues in hospitals underpinning facilitated discharges from hospital settings. It is compiled and edited by Liz Lees. Contributors included are from Education, Senior Management, Pharmacy, Medicine, Allied Health Professionals and a range of senior nursing roles. Contents include:Section 1: Background and theory1. Exploring nurse-facilitated discharge from hospital2. Developing nurse-facilitated discharge policy and its interface with healthcare practice3. Educat 606 $aHospitals$xAdmission and discharge 606 $aNursing$vHandbooks, manuals, etc 608 $aElectronic books. 615 0$aHospitals$xAdmission and discharge. 615 0$aNursing 676 $a362.173 701 $aLees$b Liz$0890051 801 0$bMiAaPQ 801 1$bMiAaPQ 801 2$bMiAaPQ 906 $aBOOK 912 $a9910457146803321 996 $aNurse-facilitated discharge from hospital$92240414 997 $aUNINA LEADER 01348cam a2200265 i 4500 001 991001715299707536 005 20020507150908.0 008 991104s1990 it 100 0 ita d 020 $a9071045297 035 $ab11553583-39ule_inst 035 $aLE02723719$9ExL 040 $aDip.to Studi Giuridici$bita 245 00$aAccademia romanistica Costantiniana :$batti dell'8. Convegno internazionale : Spello-Perugia, 29 settembre, 2 ottobre 1987 /$cAccademia romanistica Costantiniana 260 $aNapoli :$bEdizioni scientifiche italiane,$cc1990 300 $a765 p. ;$c25 cm 500 $aIn testa al front.: Universitą degli studi di Perugia, Facoltą di giurisprudenza 710 1 $aAccademia romanistica Costantiniana$eauthor$4http://id.loc.gov/vocabulary/relators/aut$0240708 907 $a.b11553583$b02-04-14$c02-07-02 912 $a991001715299707536 945 $aLE027 ARCHI S 104$g1$iLE027-4552$lle027$o-$pE0.00$q-$rl$s- $t0$u0$v0$w0$x0$y.i11754205$z02-07-02 945 $aLE027 R-XXII 1 (VIII)$g2$iLE027CL-1265$lle027$o-$pE0.00$q-$rn$so $t0$u0$v0$w0$x0$y.i11754217$z02-07-02 945 $aLE027 R-XXII 1.2 (VIII)$g1$iLE027I-3283$lle027$o-$pE0.00$q-$rn$so $t0$u0$v0$w0$x0$y.i11754229$z02-07-02 996 $aAccademia romanistica costantiniana$91451880 997 $aUNISALENTO 998 $ale027$b01-01-99$cm$da $e-$fita$git $h0$i3 LEADER 03221nam 2200505 450 001 9910824344803321 005 20230808193503.0 010 $a90-04-31931-X 024 7 $a10.1163/9789004319318 035 $a(CKB)3710000000720855 035 $a(MiAaPQ)EBC4547317 035 $a(OCoLC)946967856$z(OCoLC)951977620 035 $a(nllekb)BRILL9789004319318 035 $a(EXLCZ)993710000000720855 100 $a20160711h20162016 uy 0 101 0 $aeng 135 $aurcnu|||||||| 181 $2rdacontent 182 $2rdamedia 183 $2rdacarrier 200 10$aIslam, the ancient near East and varieties of godlessness$iCollected studies in three$hVolume 3 /$fby Patricia Crone ; edited by Hanna Siurua 210 1$aLeiden, Netherlands ;$aBoston, [Massachusetts] :$cBrill,$d2016. 210 4$d©2016 215 $a1 online resource (279 pages) $cillustrations 225 1 $aIslamic History and Civilization. Studies and Texts,$x0929-2403 ;$vVolume 131 300 $aIncludes index. 311 $a90-04-31927-1 320 $aIncludes bibliographical references and index. 327 $aFront Matter -- ?Barefoot and Naked?: What Did the Bedouin of the Arab Conquests Look Like? -- The Ancient Near East and Islam: The Case of Lot-Casting -- Idr?s, Atra?as?s and al-Khi?r -- Ab? Sa??d al-?a?r? and the Punishment of Unbelievers -- The Dahr?s According to al-J??i? -- Ungodly Cosmologies -- Post-Colonialism in Tenth-Century Islam -- What Are Prophets For? The Social Utility of Religion in Medieval Islamic Thought -- Oral Transmission of Subversive Ideas from the Islamic World to Europe: The Case of the Three Impostors -- How the Field Has Changed in My Lifetime -- List of Patricia Crone?s Publications -- Index of Names and Terms. 330 $aPatricia Crone's Collected Studies in Three Volumes brings together a number of her published, unpublished, and revised writings on Near Eastern and Islamic history, arranged around three distinct but interconnected themes. Volume 3, Islam, the Ancient Near East and Varieties of Godlessness , places the rise of Islam in the context of the ancient Near East and investigates sceptical and subversive ideas in the Islamic world. Volume 1, The Qur??nic Pagans and Related Matters , pursues the reconstruction of the religious environment in which Islam arose and develops an intertextual approach to studying the Qur??nic religious milieu. Volume 2, The Iranian Reception of Islam: The Non-Traditionalist Strands , examines the reception of pre-Islamic legacies in Islam, above all that of the Iranians. The Qur??nic Pagans and Related Matters The Iranian Reception of Islam: The Non-Traditionalist Strands 410 0$aIslamic history and civilization ;$vVolume 131. 606 $aIslam$xHistory$yTo 1500 606 $aGod (Islam) 615 0$aIslam$xHistory 615 0$aGod (Islam) 676 $a297.09021 700 $aCrone$b Patricia$0133399 702 $aSiurua$b Hanna 801 0$bMiAaPQ 801 1$bMiAaPQ 801 2$bMiAaPQ 906 $aBOOK 912 $a9910824344803321 996 $aIslam, the ancient near East and varieties of godlessness$94103468 997 $aUNINA